| 000 | 00481nam a2200145 4500 | ||
|---|---|---|---|
| 999 |
_c11526 _d11526 |
||
| 008 | 181207b ||||| |||| 00| 0 eng d | ||
| 022 | _a | ||
| 082 | _aDPer 050 T48 Apr-June 2016 v. 187, n. 12-24 | ||
| 100 |
_933070 _aMycoskie, Blake |
||
| 245 |
_aCharlize Theron: _bstraight talker on HIV prevention/ _cBlake Mycoskie. |
||
| 260 |
_aHong Kong: _bTime Asia, _cc2016. |
||
| 300 |
_av187 n16-17, page 50: _billustrations; _c27 cm. |
||
| 650 | 0 |
_933071 _aCelebrities |
|
| 942 |
_2ddc _cPER |
||